| 000 | 01050nam a22001935i 4500 | ||
|---|---|---|---|
| 001 | 154987 | ||
| 003 | ES-MaACL | ||
| 005 | 20251115063310.0 | ||
| 008 | 020301s1868 sp |||| | spa d | ||
| 040 |
_aCAM _bspa _cCAM |
||
| 100 | 1 |
_aGutiérrez de Alba, José María, _d1822-1897 _9127661 |
|
| 245 | 1 | 0 |
_aConsolar al triste _b: comedia en tres actos y en verso / _cimitacion de Ponsard por José Maria Gutierrez de Alba. |
| 260 |
_aMadrid : _b[s.n.], _c1868 ( _fImprenta de José Rodriguez) |
||
| 300 |
_a74 p. ; _c20 cm. |
||
| 500 | 1 | _aRepresentada por primera vez en Madrid en el teatro de Novedades el 6 de noviembre de 1868. | |
| 596 | 1 | _aEn verso de la port. consta: "... Galerias Dramáticas y Líricas de Gullon e Hidalgo ..." | |
| 852 |
_aES-MaACL _jF-8551(8) _q-- Port. deteriorada afectando al pie de imp.(coinciden el resto de los datos con esta ed.) _z-- Enc. pasta española _q-- Falto de la cub. original _z-- Enc. en un vol. facticio, formando parte de la col. "Teatro español moderno", v. 3 |
||
| 999 |
_c154987 _d154987 |
||